LEADER 01261nam0-2200433---450- 001 990007103680403321 005 20130718104330.0 010 $a88-14-09445-4 035 $a000710368 035 $aFED01000710368 035 $a(Aleph)000710368FED01 035 $a000710368 100 $a20111228d2002----km-y0itay50------ba 101 0 $amul 102 $aIT 105 $aa-------101yy 200 1 $aCodici$euna riflessione di fine millennio$eatti dell'incontro di studio, Firenze, 26-28 ottobre 2000$fa cura di Paolo Cappellini e Bernardo Sordi 210 $aMilano$cGiuffrè$d2002 215 $aVIII, 604 p.$cill.$d23 cm 225 1 $aPer la storia del pensiero giuridico moderno$v61 676 $a340.1$v20$zit 676 $a340.09$v21$zita 702 1$aCappellini,$bPaolo 702 1$aSordi,$bBernardo 801 0$aIT$bUNINA$gRICA$2UNIMARC 901 $aBK 912 $a990007103680403321 952 $aSE122.02.10$b7732$fDECSE 952 $aCongr. 1222$b6997 ddr$fDDR 952 $aCN 17(61)$fDDCIC 952 $aSDI-T 86 LXIbis$b10212 ddr$fSDI$m21-12399 952 $a21-M-61$b14691$fDDCP 959 $aDDR 959 $aDDCIC 959 $aSDI 959 $aDDCP 959 $aDECSE 996 $aCodici$970045 997 $aUNINA LEADER 01641 am 22003853u 450 001 9910365046203321 005 20191220 010 $a3-205-23278-X 035 $a(CKB)4100000010014492 035 $a(OAPEN)1006648 035 $a(ScCtBLL)9bce2f14-7875-4d49-89c4-dd277408bc78 035 $a(EXLCZ)994100000010014492 100 $a20191220d|||| uy 101 0 $ager 135 $auuuuu---auuuu 181 $ctxt$2rdacontent 182 $cc$2rdamedia 183 $acr$2rdacarrier 200 04$aDer Briefwechsel zwischen August Sauer und Bernhard Seuffert 1880 bis 1926 205 $a1 ed. 210 $cBöhlau$d201912 215 $a1 online resource (842 Seiten) 311 $a3-205-23279-8 330 $aWith more than 1200 letters the correspondence between August Sauer (1855?1926) and Bernhard Seuffert (1853?1938) is one of the most comprehensive scholarly correspondences of the late 19th and the early 20th century. Their work had a huge impact on the development of the subject ?Neuere deutsche Literaturgeschichte?. The main goal of the project is the presentation of a selection of letters, combined with rich annotations as well as registers for persons and works. 606 $aLiterary Collections / Letters$2bisacsh 608 $aAnthologies$2lcgft 615 7$aLiterary Collections / Letters 700 $aFetz$b Bernhard$4aut$0623748 702 $aMüller$b Hans-Harald$4aut 801 0$bScCtBLL 801 1$bScCtBLL 906 $aBOOK 912 $a9910365046203321 996 $aDer Briefwechsel zwischen August Sauer und Bernhard Seuffert 1880 bis 1926$92293882 997 $aUNINA LEADER 02639 am 22006493u 450 001 996217062103316 005 20230621140708.0 010 $a1-921536-35-7 035 $a(CKB)3170000000065285 035 $a(SSID)ssj0000764491 035 $a(PQKBManifestationID)11445634 035 $a(PQKBTitleCode)TC0000764491 035 $a(PQKBWorkID)10775977 035 $a(PQKB)11105307 035 $a(MiAaPQ)EBC4746893 035 $a(WaSeSS)Ind00043753 035 $a(oapen)https://directory.doabooks.org/handle/20.500.12854/39746 035 $a(EXLCZ)993170000000065285 100 $a20161207h20082008 uy 0 101 0 $aeng 135 $aurcnu|||||||| 181 $ctxt$2rdacontent 182 $cc$2rdamedia 183 $acr$2rdacarrier 200 00$aIndigenous biography and autobiography /$fPeter Read, Frances Peters-Little and Anna Haebich (editors) 210 $aCanberra$cANU Press$d2008 210 1$aCanberra, Australia :$cANU E Press,$d2008. 210 4$d©2008 215 $a1 online resource (190 pages) $cillustrations, tables; digital, PDF file(s) 225 1 $aAboriginal history monograph ;$v17 300 $aBibliographic Level Mode of Issuance: Monograph 311 08$aPrint version: 9781921536342 320 $aIncludes bibliographical references at the end of each chapters. 330 $aIn this absorbing collection of papers Aboriginal, Maori, Dalit and western scholars discuss and analyse the difficulties they have faced in writing Indigenous biographies and autobiographies. The issues range from balancing the demands of western and non-western scholarship, through writing about a family that refuses to acknowledge its identity, to considering a community demand not to write anything at all. The collection also presents some state-of-the-art issues in teaching Indigenous Studies based on auto/biography in Austria, Spain and Italy. 410 0$aAboriginal history monograph series ;$v17. 606 $aAboriginal Australians$vBiography 610 $aaboriginal australians 610 $ahistory 610 $abiography 610 $aAutobiography 610 $aDalit 610 $aIndigenous Australians 610 $aNelson Mandela 615 0$aAboriginal Australians 676 $a305.89915 700 $aRead$b Peter$4edt$0127228 702 $aRead$b Peter 702 $aPeters-Little$b Frances 702 $aHaebich$b Anna 801 0$bMiAaPQ 801 1$bMiAaPQ 801 2$bMiAaPQ 801 2$bUkMaJRU 906 $aBOOK 912 $a996217062103316 996 $aIndigenous biography and autobiography$93383998 997 $aUNISA LEADER 01495nas 2200469-a 450 001 9910262858303321 005 20250919110510.0 011 $a1469-834X 035 $a(DE-599)ZDB2020409-7 035 $a(CKB)954925279589 035 $a(CONSER)sn-98032038- 035 $a(DE-599)2020409-7 035 $a(EXLCZ)99954925279589 100 $a19980609a19969999 --- - 101 0 $aeng 181 $ctxt$2rdacontent 182 $cc$2rdamedia 183 $acr$2rdacarrier 200 00$aHigh ability studies $ethe journal of the European Council for High Ability /$fECHA 210 $aOxfordshire (England) $cCarfax Pub.$d©1996- 215 $a1 online resource 300 $aRefereed/Peer-reviewed 300 $aTitle from cover. 311 08$aPrint version: High ability studies : (DLC)sn-98032038- (OCoLC)39253425 1359-8139 531 $aHIGH ABIL STUD 531 $aHIGH ABIL. STUD 606 $aGifted children$vPeriodicals 606 $aGifted persons$vPeriodicals 606 $aGifted children$2fast$3(OCoLC)fst00942561 606 $aGifted persons$2fast$3(OCoLC)fst00942618 608 $aPeriodicals.$2fast 608 $aPeriodicals.$2lcgft 615 0$aGifted children 615 0$aGifted persons 615 7$aGifted children. 615 7$aGifted persons. 712 02$aEuropean Council for High Ability. 906 $aJOURNAL 912 $a9910262858303321 920 $aexl_impl conversion 996 $aHigh ability studies$92310812 997 $aUNINA